000
00298nam a22001457a 4500
008
210511b ||||| |||| 00| 0 eng d
020
_a
9780679600091
041
_a
eng
080
_a
101
082
_a
101
100
_a
24
101
_a
FIL
245
_a
Plutarch
_c
Clough,A.H
942
_2
udc
_c
BK
999
_c
57206
_d
57206